000 00552nam a22002057i 4500
001 7602
003 OSt
005 20170126082402.0
007 tu
008 161220s xxu||||| |||| 00| 0 d
024 7 _a7602
_2RID
024 7 _a7602
_2RSN (alt)
040 _cOSt
245 0 0 _aLabour Costs in Hungary
260 _aBudapest.
490 _aLabour Costs in Hungary
500 0 0 _aAvailable at: http://portal.ksh.hu/portal/page?_pageid=38,253176&_dad=portal&_schema=PORTAL
110 2 _aHungary Central Statistical Office
856 _uhttp://www.ksh.hu
942 _cST
999 _c6462
_d6462